000 00379nam a2200157 i 4500
001 bg
100 1 _aORŁOWSKI, W.
245 0 _aWytrzymałość materiałów /
_cW. Orłowski, L. Słowański.
250 _aWyd.3 zm.
260 _aWarszawa,
_c1978.
700 1 _aSŁOWAŃSKI, L.
040 _cBPK
041 _apol
942 _cKS
008 s pl f |000 0 pol
999 _c3997
_d3997
856 _uhttp://koha.tu.koszalin.pl/cgi-bin/koha/opac-detail.pl?biblionumber=3997
_yKatalog online BPK